000 00855nam a22002297a 4500
003 AR-RoUNCS
005 20260519135919.0
008 240904s2005 ag |||||r|||| 00| 1 spa d
020 _a9870400930
040 _cAR-RoUNCS
_aAR-RoUNCS
_bspa
041 _aspa
100 1 _aBenedetti, Mario
_d1920-2009
_eautor
245 1 0 _aPuentes como liebres :
_by otros cuentos /
_cMario Benedetti.
250 _a1a ed.
260 _aBuenos Aires :
_bAlfaguara,
_c2005.
300 _a117 p. ;
_c19 cm.
490 0 _aSerie Roja
505 0 _aEsa boca -- Se acabó la rabia -- Los pocillos -- Réquiem con tostadas -- A imagen y semejanza -- Para objetos solamente -- Acaso irreparable -- Cinco años de vida -- Las persianas -- Puentes como liebres -- Todo lo contrario.-
650 7 _2embne
_aLiteratura uruguaya
655 7 _2embne
_aCuentos
942 _2udc
_cOG
_n0
999 _c314
_d314